Normal view
MARC view
- Ahmad, Syed Aleem
Entry Personal Name
001 - CONTROL NUMBER
- control field: 51616
003 - CONTROL NUMBER IDENTIFIER
- control field: NUST
005 - DATE AND TIME OF LATEST TRANSACTION
- control field: 20210314135028.0
008 - FIXED-LENGTH DATA ELEMENTS
- fixed length control field: 210314|| aca||aabn | a|a d
040 ## - CATALOGING SOURCE
- Original cataloging agency: NUST
- Transcribing agency: NUST
100 ## - HEADING--PERSONAL NAME
- Personal name: Ahmad, Syed Aleem
670 ## - SOURCE DATA FOUND
- Source citation: Work cat.: (NUST): Ahmad, Syed Aleem, Analysis of traffic congestion on mall road rawalpindi (Charging cross to MH intersection) for its transformation into a singnal free throughfare by using PIV VISSIM, 2019.
